LIBRARY & INFORMATION CENTRE, KCAET, TAVANUR

ONLINE PUBLIC ACCESS CATALOGUE (OPAC)

Thermodynamics and heat power engineering / (Record no. 12229)

MARC details
000 -LEADER
fixed length control field 00478cam a2200193ua 4500
041 ## - LANGUAGE CODE
Language code of text/sound track or separate title eng
082 ## - DEWEY DECIMAL CLASSIFICATION NUMBER
Classification number 621.4021
Item number MAT/TH
100 ## - MAIN ENTRY--AUTHOR NAME
Personal name Mathur, M L.
245 ## - TITLE STATEMENT
Title Thermodynamics and heat power engineering /
250 ## - EDITION STATEMENT
Edition statement 5 /
260 ## - PUBLICATION, DISTRIBUTION, ETC. (IMPRINT)
Place of publication New Delhi :
Name of publisher Jain Brothers ,
Year of publication 1986.
300 ## - PHYSICAL DESCRIPTION
Number of Pages 858 ; .
700 1# - ADDED ENTRY--PERSONAL NAME
Personal name Mehta, F.S .
942 ## - ADDED ENTRY ELEMENTS (KOHA)
Koha item type Books
Holdings
Withdrawn status Lost status Damaged status Home library Current library Date acquired Full call number Accession Number Koha item type
Withdrawn     KAUAET KAUAET 09/03/1987 621.4021 15999 Books
free website counter